[Event "4th Open"]
[Site "Varna BUL"]
[Date "2010.06.14"]
[Round "3"]
[White "Stjazhkina,O"]
[Black "Rusev,K"]
[Result "0-1"]
[WhiteElo "2280"]
[BlackElo "2553"]

1.e4 e6 2.d4 d5 3.Nd2 Be7 4.Ngf3 Nf6 5.Bd3 c5 6.e5 Nfd7 7.c3 Nc6 8.O-O g5
9.dxc5 g4 10.Nd4 Ndxe5 11.N2b3 Nxd3 12.Qxd3 e5 13.Nc2 Be6 14.Bh6 Qd7 15.Ne3 f5
16.Rad1 O-O-O 17.Qc2 Rhg8 18.Nc4 Rg6 19.Bc1 Qc7 20.Ne3 f4 21.Nf5 Rf8 22.Nxe7+ Qxe7
23.g3 Rh6 24.Rfe1 Qf7 25.Nd2 fxg3  0-1

[Event "14th Master Open"]
[Site "Voronezh RUS"]
[Date "2010.06.15"]
[Round "4"]
[White "Revo,T"]
[Black "Poghosyan,S"]
[Result "0-1"]
[WhiteElo "1978"]
[BlackElo "2310"]

1.e4 e6 2.d4 d5 3.Nd2 Be7 4.Ngf3 Nf6 5.e5 Nfd7 6.Bd3 c5 7.c3 b6 8.Qe2 a5
9.O-O Ba6 10.Rd1 Bxd3 11.Qxd3 c4 12.Qe2 a4 13.a3 b5 14.Ne1 h5 15.f4 Nb6 16.Ndf3 Kd7
17.Ng5 Qg8 18.Nef3 Nc6 19.Re1 Re8 20.Nh4 Bd8 21.f5 exf5 22.Qf2 g6 23.Bf4 Kc8
24.Re2 f6 25.exf6 Rxe2 26.Qxe2 Bxf6 27.Re1 Bxg5 28.Bxg5 Kd7 29.Qf3 Qf7 30.Qe3 Nc8
31.Bf4 Rg8 32.Qg3 g5 33.Bxg5 Nd6 34.Qe3 Re8 35.Qc1 Re4 36.Rxe4 dxe4 37.Bf4 Ne8
38.Qe3 Ne7 39.Qg3 Nd5  0-1

[Event "Royal Residence Cup"]
[Site "Zhovkva UKR"]
[Date "2010.06.15"]
[Round "8"]
[White "Bernadskij,Vit"]
[Black "Paci,C"]
[Result "0-1"]
[WhiteElo "2402"]
[BlackElo "2352"]

1.e4 e6 2.d4 d5 3.Nd2 Be7 4.e5 c5 5.Qg4 Bf8 6.Ndf3 Qc7 7.Bd3 Nc6 8.Qg3 Nge7
9.a3 c4 10.Be2 Nf5 11.Qf4 g5 12.Qxg5 Ncxd4 13.Nxd4 Nxd4 14.Bd1 c3 15.b4 Bd7
16.Qf4 Nf5 17.h4 Bh6 18.Qh2 Bg7 19.Nf3 Bb5 20.g4 Ne7 21.h5 O-O-O 22.h6 Bf8
23.Nd4 Bc4 24.f4 Nc6 25.Be3 a5 26.Qh5 Kb8 27.Nxc6+ Qxc6 28.Bd4 axb4 29.Qh4 Bc5
30.Qf2 Rc8 31.axb4 Bxb4 32.g5 Bc5 33.Bh5 Rhf8 34.Rh3 Qb6 35.Rd1 Ba6 36.Bxc5 Qxc5
37.Qxc5 Rxc5 38.Rd4 Kc7 39.Rf3 Kd7 40.f5 Rcc8 41.Rdf4 exf5 42.Rxf5 d4 43.Bxf7 Ke7
44.Bd5 d3 45.Rf7+ Rxf7 46.Rxf7+ Ke8 47.Kd1 Rc5 48.g6 Ra5 49.cxd3 Bxd3 50.Rf8+ Kxf8
51.g7+ Ke7 52.Ke1 Ra1+ 53.Kf2 Rf1+ 54.Ke3 c2 55.g8=Q c1=Q+ 56.Kxd3 Rd1+ 57.Ke4 Qc2+
58.Kf4 Qf2+  0-1

[Event "45th Capablanca Mem Open"]
[Site "Havana CUB"]
[Date "2010.06.16"]
[Round "6"]
[White "Alarcon Casellas,Rol"]
[Black "Llorente,J"]
[Result "1-0"]
[WhiteElo "2410"]
[BlackElo "2295"]

1.e4 e6 2.d4 d5 3.Nd2 a6 4.Ngf3 c5 5.exd5 exd5 6.Be2 Nf6 7.O-O Be7 8.dxc5 Bxc5
9.Nb3 Ba7 10.Bg5 O-O 11.Nfd4 h6 12.Bh4 Nc6 13.c3 Ne5 14.Bf3 Be6 15.Re1 Ng6
16.Bxf6 Qxf6 17.Nxe6 fxe6 18.Rxe6 Qg5 19.Rxg6 Qxg6 20.Qxd5+ Kh8 21.Qxb7 Qc2
22.Rf1 Qxb2 23.Qd7 Rxf3 24.gxf3 Qxc3 25.Qf7 Qc2 26.Qb7 Qc8 27.Qe4 Qf8 28.Re1 Bb6
29.Kg2 Rb8 30.Qg6 a5 31.Nd2 Bc7 32.Ne4 Qf4 33.Ng3 Rf8 34.Qg4 Qf7 35.a4 Re8
36.Rc1 Bxg3 37.hxg3 Qa7 38.Qf5 Qb6 39.Rc5 Ra8 40.Rb5 Qd8 41.Rd5 Qb6 42.Qe5 Qb8
43.Qxb8+ Rxb8 44.Rxa5 Rb2 45.Ra7 Ra2 46.f4 Ra3 47.f5 Ra2 48.g4 Ra3 49.f3 Rb3
50.a5 Ra3 51.a6 Kg8 52.Kg3 Kh8 53.f6 gxf6 54.Kf4 Ra5 55.Kg3 h5 56.gxh5 Rxh5
57.Rb7  1-0

[Event "ch-PAR"]
[Site "Asuncion URU"]
[Date "2010.06.20"]
[Round "6"]
[White "Almiron,A"]
[Black "Latorre,Mat"]
[Result "1-0"]
[WhiteElo "2157"]
[BlackElo "2076"]

1.e4 e6 2.d4 d5 3.Nd2 Nc6 4.Ngf3 Nf6 5.e5 Nd7 6.Nb3 f6 7.Bb5 fxe5 8.dxe5 Be7
9.Bxc6 bxc6 10.Nbd4 Nb8 11.Ng5 Bxg5 12.Qh5+ g6 13.Qxg5 c5 14.Qxd8+ Kxd8 15.Bg5+ Kd7
16.Nb3 c4 17.Nd4 c5 18.Nb5 Ba6 19.Nd6 Nc6 20.f4 Nd4 21.O-O-O h6 22.Bf6 Rh7
23.g3 Rb8 24.Ne4 dxe4 25.c3 Kc6 26.cxd4 Rhb7 27.dxc5 Rxb2 28.Rd6+ Kc7 29.Rhd1 Rb1+
30.Kc2 Rxd1 31.Kxd1 Rb2 32.Rxa6 e3 33.Ra3 Rd2+ 34.Ke1 Rd3 35.Rxd3 cxd3 36.g4 Kc6
37.Be7 Kd5 38.Bd6 a5 39.a4 Ke4 40.c6 Kf3 41.Bc5  1-0

[Event "45th Capablanca Mem Open"]
[Site "Havana CUB"]
[Date "2010.06.20"]
[Round "10"]
[White "Quesada Perez,Y"]
[Black "Arencibia Rodriguez,W"]
[Result "1/2-1/2"]
[WhiteElo "2582"]
[BlackElo "2500"]

1.e4 e6 2.d4 d5 3.Nd2 Be7 4.Ngf3 Nf6 5.e5 Nfd7 6.Bd3 c5 7.c3 Nc6 8.O-O a5
9.a4 cxd4 10.cxd4 Nb4 11.Bb5 O-O 12.Nb1 Nb6 13.Nc3 Bd7 14.Ne1 Bxb5 15.axb5 Qd7
16.Qg4 Rfc8 17.h4 Kh8 18.h5 f5 19.exf6 gxf6 20.Qe2 Rg8 21.Bf4 Bd6 22.Bxd6 Qxd6
23.Nd3 Nxd3 24.Qxd3 Rg5 25.Qf3 Rf5 26.Qe2 Rg8 27.Rad1 Rfg5 28.g3 Nd7 29.Rd3 Nf8
30.Re1 Qd7 31.Na4 Qf7 32.Nc5 e5 33.dxe5 fxe5 34.Qf3 Rf5 35.Qxd5 Qxh5 36.Qh1 Qxh1+
37.Kxh1 Rxf2 38.Nxb7 Rxb2 39.Nxa5 Rxb5 40.Nc4 Ng6 41.Rde3  1/2-1/2

[Event "Open"]
[Site "Eforie Nord ROU"]
[Date "2010.06.24"]
[Round "8"]
[White "Fier,A"]
[Black "Mekhitarian,K"]
[Result "0-1"]
[WhiteElo "2581"]
[BlackElo "2499"]

1.e4 e6 2.d4 d5 3.Nd2 a6 4.Ngf3 c5 5.Bd3 cxd4 6.exd5 Qxd5 7.O-O Nf6 8.Nb3 Nc6
9.Nbxd4 Nxd4 10.Nxd4 Bc5 11.Nb3 Be7 12.c4 Qc6 13.Re1 b6 14.Nd4 Qc7 15.Bg5 h6
16.Bh4 O-O 17.Bc2 Rd8 18.Qd3 e5 19.Bxf6 Bxf6 20.Qh7+ Kf8 21.Be4 Rxd4 22.Bxa8 Rxc4
23.Bd5 Rc5 24.b4 Rc3 25.f4 Be6 26.Bxe6 fxe6 27.Rad1 Kf7 28.f5 Qc6 29.Qg6+ Ke7
30.fxe6 Qxe6 31.Rd2 Rc4 32.Red1 Rxb4 33.Rd8 Qc6 34.Rg8 Rc4 35.h3 e4 36.Kh1 b5
37.Qg3 Kf7 38.Rh8 Rc1 39.Qe1 Rxd1 40.Qxd1 Qc5 41.Qd7+ Be7 42.Rc8 Qe5 43.Qe8+ Ke6
44.Qg6+ Kd5 45.Qc6+ Kd4 46.Qc3+ Kd5 47.Qb3+ Kd6 48.Qa3+ Kd7 49.Qc1 Qd5 50.Rb8 Bc5
51.Qc2 e3 52.Qe2 h5 53.Rh8 Qd2 54.Qf1 Qf2 55.Qd3+ Bd6 56.Rd8+ Kxd8 57.Qxd6+ Ke8
58.Qe5+ Kf7 59.Qxh5+ Kf6 60.Qe8 Kf5 61.Qf7+ Ke4 62.Qg6+ Qf5 63.Qxg7 e2 64.Qe7+ Kd3
65.Qa3+ Ke4 66.Qb4+ Ke3 67.Qc3+ Kf2 68.Qd4+ Ke1 69.Kg1 Qf1+ 70.Kh2 Qf7 71.Kg1 Qc4
72.Qa1+ Kd2 73.Qb2+ Kd3 74.Qa3+ Qc3 75.Qd6+ Kc2  0-1

[Event "4th FIDE GP w"]
[Site "Jermuk ARM"]
[Date "2010.06.26"]
[Round "3"]
[White "Hou Yifan"]
[Black "Mkrtchian,L"]
[Result "1-0"]
[WhiteElo "2589"]
[BlackElo "2477"]

1.e4 e6 2.d4 d5 3.Nd2 Be7 4.Ngf3 Nf6 5.e5 Nfd7 6.Bd3 c5 7.c3 Nc6 8.O-O a5
9.a4 cxd4 10.cxd4 Nb4 11.Bb5 O-O 12.Nb1 Nb8 13.Nc3 Bd7 14.Re1 N8c6 15.Bf4 Na7
16.Bf1 Rb8 17.Re3 b5 18.h4 Bxh4 19.Nxh4 Qxh4 20.Bg3 Qg5 21.axb5 Nxb5 22.Ne2 Ra8
23.Bh2 Qf5 24.Nf4 Qc2 25.Qg4 Nxd4 26.Nh5 Qg6 27.Qh3 Nf5 28.Rf3 Rfc8 29.Rf4 Nh6
30.Nf6+ gxf6 31.Rxf6 Qg7 32.Rxh6 Kh8 33.Bf4 Rg8 34.Bg5  1-0

[Event "5th Open"]
[Site "Wroclaw POL"]
[Date "2010.06.26"]
[Round "1"]
[White "Warakomski,T"]
[Black "Svane,R"]
[Result "1-0"]
[WhiteElo "2499"]
[BlackElo "2206"]

1.e4 e6 2.d4 d5 3.Nd2 a6 4.Bd3 c5 5.dxc5 Nf6 6.Qe2 Bxc5 7.Ngf3 Nc6 8.O-O Qc7
9.a3 Bd7 10.e5 Ng4 11.b4 Nd4 12.Qd1 Bb6 13.Bb2 Nxf3+ 14.Nxf3 Bb5 15.Qe2 Bxd3
16.cxd3 O-O 17.Rac1 Qd7 18.Bd4 Bxd4 19.Nxd4 Nh6 20.Rc2 Rfc8 21.Rfc1 Kf8 22.f4 Kg8
23.Qd2 Kh8 24.Rc3 Ng8 25.Qc2 Ne7 26.Rc7 Qd8 27.b5 axb5 28.Nxb5 Nc6 29.Rxc8 Rxc8
30.Nd6 Qb6+ 31.Qf2 Qxf2+ 32.Kxf2 Rc7 33.a4 h5 34.h3 Rd7 35.Rb1 f6 36.Rxb7 Rxb7
37.Nxb7 fxe5 38.fxe5 Nxe5 39.Nc5 Kg8 40.d4 Nc6 41.Nxe6 Kf7 42.Nf4 Nxd4 43.Nxd5 Nb3
44.Ke3 g5 45.Nc3 Ke6 46.Ne4 Kf5 47.Ng3+ Kg6 48.Ne2 Kf6 49.Nd4 Na5 50.Ke4 Nc4
51.Nb3 h4 52.a5 Na3 53.Nd4 Nc4 54.a6 Nb6 55.a7 g4 56.hxg4  1-0

[Event "5th Open"]
[Site "Wroclaw POL"]
[Date "2010.06.26"]
[Round "1"]
[White "Lach,P"]
[Black "Dobrowolski,P"]
[Result "0-1"]
[WhiteElo "2164"]
[BlackElo "2397"]

1.e4 e6 2.d4 d5 3.Nd2 a6 4.Ngf3 c5 5.exd5 exd5 6.Be2 Nc6 7.dxc5 Bxc5 8.Nb3 Bb6
9.Bg5 Nf6 10.O-O O-O 11.c3 Re8 12.Nfd4 h6 13.Bxf6 Qxf6 14.Bf3 Qd6 15.Nxc6 bxc6
16.g3 Qf6 17.Bg2 Ra7 18.Qf3 Qe5 19.Rad1 h5 20.h3 h4 21.Nd4 Qd6 22.Rfe1 Rae7
23.Rxe7 Rxe7 24.Kh2 Bc7 25.b4 Bd7 26.a3 Qh6 27.Rd3 Re5 28.Kg1 hxg3 29.fxg3 Bxh3
30.Bxh3 Qxh3 31.Qf1 Qh6 32.Qf3 Re1+ 33.Kf2 Qc1 34.Qg2 Bb6 35.Qh3 Re6  0-1

[Event "5th Open"]
[Site "Wroclaw POL"]
[Date "2010.06.28"]
[Round "3"]
[White "Poznanska,K"]
[Black "Orzechowski,J"]
[Result "1/2-1/2"]
[WhiteElo "2068"]
[BlackElo "2283"]

1.e4 e6 2.d4 d5 3.Nd2 Nc6 4.c3 e5 5.Ngf3 exd4 6.exd5 Qxd5 7.Bc4 Qh5 8.O-O Be6
9.Qb3 O-O-O 10.Bxe6+ fxe6 11.cxd4 Nf6 12.Nc4 Nxd4 13.Nxd4 Rxd4 14.Be3 Ng4
15.Rfd1 Qxh2+ 16.Kf1 Nxe3+ 17.Qxe3 Bc5 18.Rxd4 Bxd4 19.Qxe6+ Kb8 20.Rd1 Qf4
21.Rd2 a6 22.Qd5 Bb6 23.g3 Qh6 24.a4 c6 25.Qe4 Bc7 26.Rd1 Qf6 27.Kg2 Rf8
28.Rd2 h5 29.a5 Qg5 30.Rd7 Qf6 31.Rd2 Qf5 32.Qxf5 Rxf5 33.Rd7 g5 34.Rh7 g4
35.Nb6 Rxa5 36.Rh8+ Ka7 37.Nc8+ Kb8 38.Nb6+ Ka7 39.Nc8+  1/2-1/2

[Event "5th Open"]
[Site "Wroclaw POL"]
[Date "2010.06.28"]
[Round "3"]
[White "Leks,M"]
[Black "Kalvaitis,S"]
[Result "0-1"]
[WhiteElo "2175"]
[BlackElo "2290"]

1.e4 e6 2.d4 d5 3.Nd2 Nc6 4.Ngf3 Nf6 5.e5 Nd7 6.Bd3 f6 7.exf6 Qxf6 8.c3 Bd6
9.O-O O-O 10.Qe2 e5 11.dxe5 Ndxe5 12.Nxe5 Nxe5 13.c4 Qh4 14.f4 Rxf4 15.Rxf4 Qxf4
16.Ne4 Qg4 17.cxd5 Nxd3 18.Qxd3 Bf5 19.Nf2 Bxh2+ 20.Kh1 Qh5 21.Qf3 Qxf3 22.gxf3 Be5
23.Ne4 Rd8 24.Be3 Rxd5 25.Bxa7 b6 26.Rc1 Bxe4 27.fxe4 Ra5 28.Bb8 Ra8 29.Bxc7 Rc8
30.Bxe5 Rxc1+ 31.Kg2 Kf7 32.Kf3 g5 33.Bc3 Kg6 34.Bd4 b5 35.a3 h5 36.b3 h4
37.a4 bxa4 38.bxa4 Rc4 39.Be5 Rxa4 40.Bc7 Kh5 41.e5 g4+ 42.Kg2 h3+ 43.Kg1  0-1

[Event "5th Open"]
[Site "Wroclaw POL"]
[Date "2010.06.28"]
[Round "4"]
[White "Tiviakov,S"]
[Black "Dobrowolski,P"]
[Result "1-0"]
[WhiteElo "2634"]
[BlackElo "2397"]

1.e4 e6 2.d4 d5 3.Nd2 a6 4.Ngf3 c5 5.exd5 exd5 6.dxc5 Bxc5 7.Bd3 Nf6 8.Nb3 Bb6
9.Qe2+ Qe7 10.Qxe7+ Kxe7 11.O-O Nc6 12.Re1+ Be6 13.c3 h6 14.h3 Rhe8 15.Bf4 Rad8
16.Ne5 Nxe5 17.Bxe5 Kf8 18.a4 Ne4 19.Bd4 Bxd4 20.Nxd4 Bd7 21.Bc2 a5 22.f3 Nd6
23.Kf2 Nc4 24.b3 Nd6 25.Bd3 Rc8 26.Rac1 g6 27.Re3 Rxe3 28.Kxe3 Re8+ 29.Kd2 Kg7
30.g4 Kf6 31.h4 Ke5 32.Rf1 Kf6 33.Rg1 Rh8 34.g5+ hxg5 35.hxg5+ Kg7 36.Re1 Re8
37.Rxe8 Bxe8 38.Ke3 f6 39.Ne6+ Kf7 40.Nc7 fxg5 41.Nxe8 Kxe8 42.Kd4 Nf5+ 43.Kxd5 Nh4
44.Be4 Kd7 45.Ke5 b6 46.Kf6 Ng2 47.Kxg5  1-0

[Event "5th Open"]
[Site "Wroclaw POL"]
[Date "2010.06.28"]
[Round "4"]
[White "Sadzikowski,D"]
[Black "Svane,R"]
[Result "1-0"]
[WhiteElo "2258"]
[BlackElo "2206"]

1.e4 e6 2.d4 d5 3.Nd2 a6 4.Ngf3 Nf6 5.Bd3 c5 6.exd5 Qxd5 7.O-O cxd4 8.Nb3 Nc6
9.Nbxd4 Nxd4 10.Nxd4 Bc5 11.Nb3 Ba7 12.c4 Qc6 13.Bg5 Bd7 14.Qe2 O-O-O 15.c5 Qd5
16.Bxf6 gxf6 17.Be4 Qe5 18.Qf3 Qc7 19.Qxf6 Bb8 20.g3 h5 21.c6 Bxc6 22.Bxc6 bxc6
23.Rac1 Ba7 24.Qc3 Bb6 25.Qxc6 Qxc6 26.Rxc6+ Kb7 27.Rc2 h4 28.Rfc1 Rh5 29.Rd2 hxg3
30.hxg3 Rdh8 31.Rd7+ Kb8 32.Kf1 Rf5 33.Rc2 Rg8 34.Kg2 Rg4 35.Rd3 Re5 36.Kf3 f5
37.Rd7 Rge4 38.Nc1 Rb5 39.Nd3 a5 40.Nf4 a4 41.Ng6 Bc5 42.Ne7 Re1 43.Nc6+ Kc8
44.Rh7 Rb7 45.Rxb7 Kxb7 46.Rxc5 Rb1 47.Rc2 Kc7 48.Nd4+ Kd7 49.a3 Ke7 50.Nb5 Rd1
51.Rc7+ Kf6 52.Nc3  1-0

[Event "5th Open"]
[Site "Wroclaw POL"]
[Date "2010.06.29"]
[Round "5"]
[White "Leniart,A"]
[Black "Szablowski,P"]
[Result "1-0"]
[WhiteElo "2423"]
[BlackElo "2312"]

1.e4 e6 2.d4 d5 3.Nd2 Be7 4.Ngf3 Nf6 5.Bd3 c5 6.dxc5 dxe4 7.Nxe4 Nxe4 8.Bxe4 Qxd1+
9.Kxd1 Bxc5 10.Ke2 Nd7 11.Rd1 Nf6 12.Bd3 O-O 13.Ne5 b6 14.a3 Bb7 15.b4 Be7
16.Bb2 Nd5 17.g3 f6 18.Nf3 Rfd8 19.Nd4 e5 20.Nf5 Bf8 21.Ne3 Nxe3 22.Kxe3 Be7
23.Rd2 a5 24.c3 f5 25.Ke2 Bg5 26.Bc4+ Kf8 27.Rdd1 Bg2 28.h4 Bh6 29.bxa5 bxa5
30.a4 e4 31.Ba3+ Ke8 32.Ke1 Bf3 33.Be2 g6 34.Rxd8+ Rxd8 35.Rd1 Rxd1+ 36.Kxd1 Bxe2+
37.Kxe2 Kd7 38.Bc5 Kc6 39.Bd4 Kd5 40.Bb6 Kc4 41.Bxa5 Kb3 42.c4 Kxa4 43.Be1 Bg7
44.f3 exf3+ 45.Kxf3 Be5 46.Ke3 h6 47.Kd3 Bf6 48.Bd2 g5 49.h5 Be5 50.Be1 f4
51.g4 Kb3 52.c5 Bc7 53.c6 Ka4 54.Kc4 f3 55.Kc5 Kb3 56.Kd4 Ka4 57.Ke4 Kb5
58.Kxf3 Kxc6 59.Bc3 Kd5 60.Bg7 Ke6 61.Bxh6 Bf4 62.Bg7 Bc1 63.Bd4 Kf7 64.Be3  1-0

[Event "XVIII Open"]
[Site "Montcada i Reixac ESP"]
[Date "2010.06.30"]
[Round "6"]
[White "Mestre Bellido,H"]
[Black "Karlsson,L"]
[Result "0-1"]
[WhiteElo "2404"]
[BlackElo "2453"]

1.e4 e6 2.d4 d5 3.Nd2 a6 4.Ngf3 c5 5.dxc5 Bxc5 6.Bd3 Nf6 7.O-O dxe4 8.Nxe4 Nxe4
9.Bxe4 Qxd1 10.Rxd1 Nd7 11.Nd4 Be7 12.Nb3 Nc5 13.Nxc5 Bxc5 14.Rd3 f6 15.Rc3 Bd4
16.Rc7 Be5 17.Bxb7 Bxb7 18.Rxb7 O-O-O  0-1

[Event "5th Open"]
[Site "Wroclaw POL"]
[Date "2010.07.01"]
[Round "8"]
[White "Baklan,V"]
[Black "Leniart,A"]
[Result "1-0"]
[WhiteElo "2633"]
[BlackElo "2423"]

1.e4 e6 2.d4 d5 3.Nd2 Be7 4.Bd3 c5 5.dxc5 Nf6 6.Qe2 Qa5 7.c3 Qxc5 8.Ngf3 Qc7
9.O-O Nc6 10.Re1 dxe4 11.Nxe4 Nd5 12.g3 e5 13.Neg5 h6 14.Bc4 Bxg5 15.Bxd5 Bf6
16.Bf4 Bg4 17.Bxc6+ Qxc6 18.Nxe5 Bxe2 19.Nxc6 Kd7 20.Nb8+  1-0

[Event "38th World Open"]
[Site "King of Prussia USA"]
[Date "2010.07.02"]
[Round "4"]
[White "Smith,Bry"]
[Black "Holt,C"]
[Result "0-1"]
[WhiteElo "2468"]
[BlackElo "2375"]

1.e4 e6 2.d4 d5 3.Nd2 Be7 4.Ngf3 Nf6 5.e5 Nfd7 6.Bd3 c5 7.c3 Nc6 8.O-O a5
9.a4 cxd4 10.cxd4 Nb4 11.Bb5 O-O 12.Nb1 Nb8 13.Nc3 Bd7 14.Bf4 N8c6 15.Qd2 Rc8
16.Rfe1 f6 17.exf6 Rxf6 18.Ne5 Nxe5 19.Bxe5 Rf7 20.Re2 Bg5 21.f4 Be7 22.Rae1 Nc6
23.g3 Qb6 24.Kg2 Bb4 25.Bd3 Nxe5 26.Rxe5 g6 27.Bb5 Bxb5 28.axb5 Rf6 29.R1e3 Rc4
30.Qe2 Kf7 31.f5 Rxf5 32.Rxe6 Qxd4 33.Re8 Rc7 34.b6 Qxb6 35.g4 d4 36.R3e6 d3
37.Qd2 Bxc3 38.Rf8+ Kxf8 39.Qh6+ Bg7  0-1

[Event "38th World Open"]
[Site "King of Prussia USA"]
[Date "2010.07.02"]
[Round "4"]
[White "Hess,Ro"]
[Black "Bercys,S"]
[Result "0-1"]
[WhiteElo "2590"]
[BlackElo "2427"]

1.e4 e6 2.d4 d5 3.Nd2 Be7 4.e5 c5 5.Qg4 Kf8 6.dxc5 Nc6 7.Qg3 f6 8.Ngf3 Nh6
9.Nb3 Nf5 10.Qf4 g5 11.Qd2 Nxe5 12.Nxe5 fxe5 13.g3 b6 14.cxb6 axb6 15.h4 g4
16.Qe2 Ra4 17.Bg2 Qc7 18.Bg5 Bxg5 19.hxg5 Ba6 20.Qd2 e4 21.O-O-O Rxa2 22.Kb1 Ra4
23.g6 h6 24.Rh5 Qe5 25.Nd4 Rxd4 26.Rxf5+ exf5 27.Qxd4 Qxd4 28.Rxd4 Kg7 29.Rxd5 Bc8
30.Rd6 h5 31.Rc6 Ba6 32.Kc1 Rd8 33.c4 Rc8 34.Rxb6 Bxc4 35.Kd2 Bd3 36.Ke3 Rc2
37.Kf4 Kh6 38.Ke5 Rxf2 39.Kf6 f4 40.gxf4 Rxf4+ 41.Ke5 Rf2 42.Bxe4 Bxe4 43.Kxe4 g3
44.Rb3 h4 45.Ke3 Rf1 46.g7 Kxg7 47.Rb4 h3 48.Rg4+ Kf7  0-1

[Event "XVIII Open"]
[Site "Montcada i Reixac ESP"]
[Date "2010.07.02"]
[Round "8"]
[White "Asis Gargatagli,H"]
[Black "Larino Nieto,D"]
[Result "0-1"]
[WhiteElo "2406"]
[BlackElo "2461"]

1.e4 e6 2.d4 d5 3.Nd2 Be7 4.Ngf3 Nf6 5.e5 Nfd7 6.Bd3 c5 7.c3 b6 8.O-O Ba6
9.Ne1 Bxd3 10.Nxd3 Nc6 11.Qg4 g5 12.f4 cxd4 13.f5 Ndxe5 14.Nxe5 Nxe5 15.Qe2 dxc3
16.fxe6 cxd2 17.Bxd2 f6 18.h4 O-O  0-1

[Event "9th Open"]
[Site "La Fere FRA"]
[Date "2010.07.03"]
[Round "1"]
[White "Rigolot,L"]
[Black "Laurent,B"]
[Result "0-1"]
[WhiteElo "1902"]
[BlackElo "2336"]

1.e4 e6 2.d4 d5 3.Nd2 Nc6 4.c3 e5 5.Ngf3 dxe4 6.Nxe4 Qd5 7.Ng3 exd4 8.Nxd4 Nxd4
9.Be3 Bc5 10.Bxd4 Bxd4 11.Qxd4 Qxd4 12.cxd4 Be6 13.Nh5 Kf8 14.Nf4 Re8 15.Kd2 Nf6
16.f3 g5 17.Nd3 Rd8 18.Nc5 Rxd4+ 19.Kc3 Rd5 20.Nxb7 Bc8 21.Ba6 Kg7 22.Rhe1 Nd7
23.Re7 Nb8 24.Bc4 Bxb7 25.Bxd5 Bxd5 26.Rxc7 a6 27.Rc5 Be6 28.Rxg5+ Kf6 29.Rc5 Rg8
30.g3 Rd8 31.a3 Nd7 32.Rd1 Rb8 33.Rc6 Ne5 34.Rxa6 Rb3+ 35.Kc2 Rxf3 36.Rd4 Kg7
37.Rf4 Re3 38.Rd6 Nf3 39.Rb4 Bf5+ 40.Kc1 Bg6 41.h4 Re1+ 42.Rd1 Re2 43.Rc4 h5
44.Rc5 Rg2 45.Rc3 Ng1 46.Rc4 Ne2+ 47.Kd2 Nxg3+ 48.Kc3 Ne4+ 49.Kd4 Rxb2 50.Kd5 Rb8
51.Rdd4 Nd2 52.Rb4 Rd8+ 53.Kc6 Rc8+ 54.Kb7 Rc2 55.a4 Nf3 56.Rdc4 Ra2 57.Rc5 Nd2
58.a5 Ne4 59.Re5 Kf6 60.Rexe4 Bxe4+ 61.Rxe4 Rxa5 62.Kc6 Kf5 63.Rd4 f6 64.Kd6 Re5
65.Rd3 Re4 66.Rf3+ Rf4 67.Rh3 Kg4 68.Rh1 Re4 69.Kd5 Re8 70.Rf1 f5 71.Kd4 f4
72.Kd3 f3 73.Rg1+ Kxh4 74.Rg7 Rf8 75.Rg1 f2 76.Rf1 Kg3 77.Ke3 Re8+ 78.Kd2 Kg2  0-1

[Event "ch-Paris Int"]
[Site "Paris FRA"]
[Date "2010.07.04"]
[Round "2"]
[White "Gharamian,T"]
[Black "Richter,Mic"]
[Result "1/2-1/2"]
[WhiteElo "2650"]
[BlackElo "2428"]

1.e4 e6 2.d4 d5 3.Nd2 a6 4.Ngf3 Nf6 5.e5 Nfd7 6.c4 dxc4 7.Bxc4 Nb6 8.Bb3 Bd7
9.O-O Bc6 10.Bc2 Bd5 11.Ne4 Nc6 12.a3 Qd7 13.Qd2 O-O-O 14.Rd1 Be7 15.Qe1 f5
16.exf6 gxf6 17.Nc5 Bxc5 18.dxc5 Nc4 19.Be4 Rhg8 20.g3 Rg4 21.Bxd5 exd5 22.Qf1 Qf5
23.Qg2 d4 24.b3 N4e5 25.Nxe5 fxe5 26.Re1 d3 27.f4 exf4 28.Bxf4 Qxc5+ 29.Kh1 Rg7
30.b4 Qd5 31.Qxd5 Rxd5 32.Re8+ Kd7 33.Re3 Re7 34.Rxe7+ Nxe7 35.Kg2 Ng6 36.Kf3 Nxf4
37.Kxf4 d2 38.Rd1 Ke6 39.Ke3 Kf5 40.h3 a5 41.bxa5 Rxa5 42.Rxd2 Rxa3+ 43.Kf2 Rc3
44.Rd4 h6 45.Rh4 Kg6 46.Rg4+ Kh7 47.Ke2 b5 48.Kd2 Ra3 49.Rb4 c6 50.g4 Rxh3
51.Rd4 Rh2+ 52.Kd1 h5 53.Rd7+ Kh8 54.gxh5 Rxh5 55.Kc2 Rc5+ 56.Kb3 Rc4 57.Rf7 Kg8
58.Rf6 Kg7 59.Rf3 Kg6 60.Rf1 c5 61.Rf8 Rh4 62.Rc8 Rh3+ 63.Kc2 c4 64.Rb8 Rb3
65.Rf8 Kg5 66.Rf7 b4 67.Rb7 Kf5 68.Rb8 Ke5 69.Re8+ Kd6 70.Rb8 Kc6 71.Rc8+ Kb5
72.Rb8+ Ka6 73.Rc8 Rc3+ 74.Kb2 Kb7 75.Rc5 Kb6 76.Rc8 Ka6 77.Rc5 Kb6 78.Rc8 Kb5
79.Rb8+ Kc5 80.Rc8+ Kd4 81.Rd8+ Ke3 82.Rb8 Rb3+ 83.Kc2 Ke2 84.Rb7 Rc3+ 85.Kb2 Kd2
86.Rxb4 Rc2+ 87.Kb1 Rc1+ 88.Ka2 Rc2+ 89.Kb1 Rc1+ 90.Ka2 Kc3 91.Rb8 Rd1 92.Rc8 Rc1
93.Rh8 Rd1 94.Rc8 Rd4 95.Kb1 Kd2 96.Kb2 Kd3 97.Rh8 Re4  1/2-1/2

[Event "ch-NOR"]
[Site "Fredrikstad NOR"]
[Date "2010.07.05"]
[Round "3"]
[White "Tofte,S"]
[Black "Martinsen,S"]
[Result "1-0"]
[WhiteElo "2205"]
[BlackElo "2229"]

1.e4 e6 2.d4 d5 3.Nd2 Be7 4.Ngf3 Nf6 5.e5 Nfd7 6.Bd3 c5 7.c3 b6 8.Qe2 a5
9.dxc5 Nxc5 10.Bb5+ Bd7 11.Nd4 O-O 12.f4 Bxb5 13.Nxb5 Nc6 14.Nf3 a4 15.O-O f6
16.Be3 fxe5 17.Nxe5 Nxe5 18.fxe5 Qd7 19.Nd4 Qc7 20.Bf4 Rf7 21.Qg4 Re8 22.Rf3 Qd7
23.Raf1 Bf8 24.h4 Ne4 25.h5 Kh8 26.h6 gxh6 27.Qh5 Ree7 28.Bxh6 Rxf3 29.Rxf3 Bxh6
30.Qxh6 Re8 31.Rf8+  1-0

[Event "ch-Paris Int"]
[Site "Paris FRA"]
[Date "2010.07.05"]
[Round "3"]
[White "Shiven,K"]
[Black "Nguyen Chi Minh"]
[Result "1/2-1/2"]
[WhiteElo "2335"]
[BlackElo "2408"]

1.e4 e6 2.d4 d5 3.Nd2 Nc6 4.Ngf3 Nf6 5.e5 Nd7 6.Be2 Be7 7.Nf1 O-O 8.Ne3 f6
9.exf6 Nxf6 10.O-O Bd6 11.Re1 Ne4 12.c4 b6 13.g3 Bb7 14.cxd5 exd5 15.Ng2 Nxd4
16.Nxd4 Nxf2 17.Qc2 Nh3+ 18.Kh1 Nf2+ 19.Kg1 Qf6 20.Be3 Rae8 21.Qd2 Bc5 22.b4 Rxe3
23.bxc5 Re4 24.Nf3 Nh3+ 25.Kh1 d4 26.Bc4+ Kh8 27.Rf1 d3 28.Bxd3 Ree8 29.Be2 h6
30.Rae1 Rxe2 31.Qxe2 Bxf3 32.Qe7 Qf5 33.Qe6 Qh5 34.Qe7 Qf5 35.Qe6 Qh5 36.Qe7 Rf7
37.Qh4 Qxh4 38.gxh4 g5 39.cxb6 axb6 40.hxg5 hxg5 41.Rxf3 Rxf3 42.Ne3 Rf2
43.Nd5 Rxa2 44.Nxc7 Nf2+ 45.Kg1 Nh3+ 46.Kh1 g4 47.Rb1 Rd2 48.Ne8 Rf2 49.Nc7 Rd2
50.Ne8 Rf2 51.Nc7 Ng5 52.Rxb6 Nf3 53.Rh6+ Kg7 54.Rh5 Kg6 55.Rh8 Kg7 56.Rh5 Kg6
57.Rh8 Rd2 58.Nb5 Kg7 59.Rh5 Kg6 60.Rh8 Kf5 61.Nc3 Kf4 62.Rf8+ Ke3 63.Re8+ Kd4
64.Ne2+ Kc4 65.Kg2 Nxh2 66.Kxh2 Kd3 67.Kg3  1/2-1/2

[Event "38th TCh-GRE DivA"]
[Site "Peristeri GRE"]
[Date "2010.07.06"]
[Round "2"]
[White "Kounalakis,E"]
[Black "Delithanasis,D"]
[Result "0-1"]
[WhiteElo "2142"]
[BlackElo "2210"]

1.e4 e6 2.d4 d5 3.Nd2 Be7 4.Bd3 c5 5.dxc5 Nf6 6.Qe2 O-O 7.Ngf3 a5 8.O-O Na6
9.e5 Nd7 10.c3 Naxc5 11.Bc2 Qc7 12.Re1 b5 13.Nb3 b4 14.Bg5 Ba6 15.Qe3 Rfe8
16.Bxe7 Rxe7 17.Qg5 Nf8 18.Nxc5 Qxc5 19.Re3 Rc7 20.Qh5 bxc3 21.Rxc3 Qe7 22.Nd4 Rac8
23.Rxc7 Rxc7 24.Rd1 Qb4 25.b3 Qa3 26.Bb1 Qb2 27.Qg5 h6 28.Qe3 Nd7 29.h3 Qc3
30.Qxc3 Rxc3 31.f4 g5 32.fxg5 hxg5 33.Nf3 Be2 34.Re1 Bxf3 35.gxf3 Rxf3 36.Kh2 Kg7
37.Rg1 Kh6 38.Rc1 Nxe5 39.Rc5 Kh5 40.Rc8 Ng6 41.Rg8 f5 42.Re8 Nf4  0-1

[Event "IsBank TCh-TUR"]
[Site "Konya TUR"]
[Date "2010.07.07"]
[Round "12"]
[White "Solak,D"]
[Black "Lastin,A"]
[Result "1/2-1/2"]
[WhiteElo "2547"]
[BlackElo "2643"]

1.e4 e6 2.d4 d5 3.Nd2 Be7 4.Bd3 c5 5.dxc5 Nf6 6.exd5 Qxd5 7.Ngf3 Nbd7 8.b4 a5
9.Bc4 Qh5 10.c3 Nd5 11.Bxd5 Qxd5 12.Bb2 axb4 13.cxb4 Rxa2 14.Qb1 Rxb2 15.Qxb2 Bf6
16.Qa2 Bxa1 17.Qxa1 O-O 18.O-O b6 19.cxb6 Bb7 20.Rc1 Nxb6 21.Qa5 Qd6 22.Qc5 Rd8
23.h3 h6 24.Qxd6 Rxd6 25.Rc7 Bxf3 26.Nxf3 Rd1+ 27.Kh2 Rb1 28.Ne5 Rxb4 29.Rxf7 Re4
30.Rb7 Rxe5 31.Rxb6  1/2-1/2

[Event "ch-NOR"]
[Site "Fredrikstad NOR"]
[Date "2010.07.08"]
[Round "7"]
[White "Tofte,S"]
[Black "Ekeberg,C"]
[Result "1/2-1/2"]
[WhiteElo "2205"]
[BlackElo "2310"]

1.e4 e6 2.d4 d5 3.Nd2 Be7 4.Ngf3 Nf6 5.e5 Nfd7 6.Bd3 c5 7.c3 Nc6 8.O-O g5
9.dxc5 Ndxe5 10.Bb5 Bd7 11.b4 a5 12.Bb2 Bf6 13.Bxc6 Nxf3+ 14.Nxf3 bxc6 15.Qe2 Qb8
16.a3 O-O 17.c4 Bxb2 18.Qxb2 f6 19.cxd5 exd5 20.Rae1 Rf7 21.Nd4 axb4 22.axb4 Qc7
23.Re3 Re8 24.Rxe8+ Bxe8 25.Nf5 Rf8 26.Re1 Qf4 27.Ne7+ Kg7 28.b5 cxb5 29.Nxd5 Qf5
30.Nc7 Bf7 31.Qxb5 Rd8 32.c6 Qc2 33.g3 Rd6 34.Ne8+  1/2-1/2

[Event "Sparkassen Open"]
[Site "Nettetal GER"]
[Date "2010.07.08"]
[Round "6"]
[White "Mengerink,Y"]
[Black "Wittenberg,A"]
[Result "0-1"]
[WhiteElo "2093"]
[BlackElo "2143"]

1.d4 e6 2.e4 d5 3.Nd2 Nc6 4.Ngf3 Nf6 5.e5 Nd7 6.Bd3 Nb4 7.Bb5 c6 8.Ba4 c5
9.Nb3 Nc6 10.c3 a6 11.dxc5 Nxc5 12.Nxc5 Bxc5 13.O-O b5 14.Bc2 Bb7 15.Bf4 d4
16.Ng5 Qe7 17.b4 Bb6 18.Ne4 Bc7 19.Bg5 Qf8 20.Nc5 Ra7 21.Nxb7 Rxb7 22.Be4 Rb6
23.Bxc6+ Rxc6 24.Qxd4 Rc4 25.Qd2 f6 26.Rad1 Kf7 27.exf6 gxf6 28.Be3 Qb8 29.Qd7+ Kg6
30.g3 Qc8 31.Qd3+ Kf7 32.f4 h5 33.Bc5 h4 34.Rfe1 hxg3 35.hxg3 Qb7 36.Qd7+ Kg6
37.Qxe6 Qh1+ 38.Kf2 Rh2+ 39.Ke3 Rxc3+ 40.Kd4 Qf3 41.Qg8+ Kf5 42.Qe6+ Kg6
43.Qe8+ Kf5 44.g4+ Kxf4 45.Qe4+ Kg5 46.Qxf3 Rxf3 47.Re6 Be5+ 48.Kd5 Rxa2
49.Be7 Kxg4 50.Rc6 Kf5 51.Rc8 Raa3 52.Bc5 Rfd3+ 53.Rxd3 Rxd3+ 54.Kc6 Ra3
55.Kb6 Ke4 56.Kb7 Ra4 57.Be7 f5 58.Rc6 Kd5 59.Rc5+ Kd4 60.Rc6 f4 61.Bc5+ Kd5
62.Rc8 f3 63.Rd8+ Kc4 64.Rf8 Ra3 65.Rf5 Kd5 66.Rf7 Ke6 67.Rf8 Bf6 68.Re8+ Kf5
69.Re3 Rxe3 70.Bxe3 Ke4 71.Bf2 Bd4 72.Bh4 Kd5 73.Kxa6 Kc4 74.Ka5 f2  0-1